|
|
|
|
| LEADER |
00000nam a2200000 a 4500 |
| 001 |
vtls001058930 |
| 003 |
SK-MaSNL |
| 005 |
20260301061657.0 |
| 008 |
250414s1995 xo a r 000 yyslo |
| 015 |
|
|
|a SNBA1995/0902449
|
| 020 |
|
|
|a 8008007249
|
| 035 |
|
|
|a SNK000001748
|
| 035 |
|
|
|a urn:nbn:sk:snk-amlh89
|
| 035 |
|
|
|a urn:nbn:sk:snk-am00bntl
|
| 035 |
|
|
|a F5F56BAE-6DD5-499C-9833-6795CC2BC256
|
| 040 |
|
|
|a SNK
|b slo
|c SNK
|e AACR2
|
| 041 |
0 |
|
|a slo
|
| 044 |
|
|
|a xo
|c SK
|
| 080 |
|
|
|a 372.880.854:376.4(075.2)
|2 1981
|
| 080 |
|
|
|a 376.4(075.2)
|2 1981
|
| 100 |
1 |
|
|a Hlavatá, Margita,
|d 1930-
|4 aut
|9 210879
|
| 245 |
1 |
0 |
|a Obrázková učebnica slovenského jazyka pre osobitné školy s vyučovacím jazykom maďarským
|c autorka námetu Margita Hlavatá ; ilustroval Vladimír Kardelis
|
| 250 |
|
|
|a 2. vyd.
|
| 260 |
|
|
|a Bratislava
|b Slovenské pedagogické nakladateľstvo
|c 1995
|
| 300 |
|
|
|a 64 s.
|c 29 cm
|
| 500 |
|
|
|a Ilustr. na tit. strane a front.
|
| 650 |
0 |
7 |
|a slovenčina
|2 SNKPH
|9 1350
|
| 655 |
|
7 |
|a učebnice
|2 SNKPH
|9 22521
|
| 700 |
1 |
|
|a Kardelis, Vladimír,
|d 1944-
|4 ill
|9 116610
|
| 852 |
|
|
|a Slovenská národná knižnica
|
| 919 |
|
|
|a 80-08-00724-9
|
| 958 |
|
|
|a TL
|
| 958 |
|
|
|a UX
|
| 999 |
|
|
|c 617992
|d 619922
|
| 952 |
|
|
|t P60, <09>, [BOOK], {629}
|a SNK
|b SNK
|y NEVYP
|7 0
|o snkB 837
|i snk2668/950810
|0 0
|1 0
|4 0
|d 1995-08-09
|l 0
|r 2004-12-31 00:00:00
|w 2026-02-23
|
| 952 |
|
|
|t P60, <03>, [BOOK], {603}
|a SNK
|b SNK
|y PREZ
|7 0
|p 17A0906947
|o snkSB 54321
|i snkKSP 7094/95
|0 0
|1 0
|4 0
|d 1995-08-09
|f 1
|l 0
|r 2016-12-31 00:00:00
|w 2026-02-23
|
| 952 |
|
|
|t P60, <04>, [BOOK], {604}
|a SNK
|b SNK
|y VYP
|7 0
|p 17A0077206
|o snkSB 54321 D1
|i snkKSP 7095/95
|0 0
|1 0
|4 0
|d 1995-08-09
|l 0
|r 2004-12-31 00:00:00
|w 2026-02-23
|